Giáo trình u nang vùng hàm mặt Sách dùng cho sinh viên chuyên ngành bác sĩ răng hàm mặt
Nội dung sách gồm: u do răng và không do răng trong xương hàm, u nang lành tính ở mô mềm vùng hàm mặt, ung thư miệng - hàm mặt, u ác tính trong xương hàm và các ung thư khác vùng hàm mặt.
Enregistré dans:
| Auteur principal: | |
|---|---|
| Autres auteurs: | , |
| Format: | Livre |
| Langue: | Vietnamese |
| Publié: |
H.
Y học
2023
|
| Sujets: | |
| Tags: |
Ajouter un tag
Pas de tags, Soyez le premier à ajouter un tag!
|
| Thư viện lưu trữ: | Thư viện Trường Đại học Nam Cần Thơ |
|---|
| LEADER | 02713nam a22003257a 4500 | ||
|---|---|---|---|
| 001 | NCT_4_004508 | ||
| 008 | 240228b xxu||||| |||| 00| 0 vie d | ||
| 999 | |c 8106 |d 8106 | ||
| 020 | |a 9786046663072 |c 226000 | ||
| 082 | 0 | 4 | |2 23rd ed. |a 617.52 |b Th108 |
| 100 | 1 | |a Đỗ Thị Thảo |e Chủ biên | |
| 245 | 1 | 0 | |a Giáo trình u nang vùng hàm mặt |b Sách dùng cho sinh viên chuyên ngành bác sĩ răng hàm mặt |c Đỗ Thị Thảo (Chủ biên); Trương Nhựt Khuê, Bùi Thị Ngọc Mẫn.... |
| 260 | |a H. |b Y học |c 2023 | ||
| 300 | |a 145tr. |b minh họa |c 27 cm | ||
| 520 | 3 | |a Nội dung sách gồm: u do răng và không do răng trong xương hàm, u nang lành tính ở mô mềm vùng hàm mặt, ung thư miệng - hàm mặt, u ác tính trong xương hàm và các ung thư khác vùng hàm mặt. | |
| 653 | |a Răng Hàm Mặt | ||
| 700 | 1 | |a Trương Nhựt Khuê |e Biên soạn | |
| 700 | 1 | |a Bùi Thị Ngọc Mẫn |e Biên soạn | |
| 942 | |2 ddc |c BK | ||
| 952 | |0 0 |1 0 |2 ddc |4 0 |6 617_520000000000000_TH108 |7 0 |9 28583 |a 000001 |b 000001 |d 2024-02-28 |o 617.52 Th108 |p MD.22210 |r 2024-02-28 |v 226000.00 |w 2024-02-28 |y BK | ||
| 952 | |0 0 |1 0 |2 ddc |4 0 |6 617_520000000000000_TH108 |7 0 |9 28584 |a 000001 |b 000001 |d 2024-02-28 |o 617.52 Th108 |p MD.22211 |r 2024-02-28 |v 226000.00 |w 2024-02-28 |y BK | ||
| 952 | |0 0 |1 0 |2 ddc |4 0 |6 617_520000000000000_TH108 |7 0 |9 28585 |a 000001 |b 000001 |d 2024-02-28 |o 617.52 Th108 |p MD.22212 |r 2024-02-28 |v 226000.00 |w 2024-02-28 |y BK | ||
| 952 | |0 0 |1 0 |2 ddc |4 0 |6 617_520000000000000_TH108 |7 0 |9 28586 |a 000001 |b 000001 |d 2024-02-28 |l 1 |o 617.52 Th108 |p MD.22213 |r 2025-06-11 |s 2025-06-07 |v 226000.00 |w 2024-02-28 |y BK | ||
| 952 | |0 0 |1 0 |2 ddc |4 0 |6 617_520000000000000_TH108 |7 0 |9 28587 |a 000001 |b 000001 |d 2024-02-28 |o 617.52 Th108 |p MD.22214 |r 2024-02-28 |v 226000.00 |w 2024-02-28 |y BK | ||
| 952 | |0 0 |1 0 |2 ddc |4 0 |6 617_520000000000000_TH108 |7 0 |9 28588 |a 000001 |b 000001 |d 2024-02-28 |o 617.52 Th108 |p MD.22215 |r 2024-02-28 |v 226000.00 |w 2024-02-28 |y BK | ||
| 952 | |0 0 |1 0 |2 ddc |4 0 |6 617_520000000000000_TH108 |7 0 |9 28589 |a 000001 |b 000001 |d 2024-02-28 |l 1 |o 617.52 Th108 |p MD.22216 |r 2024-06-19 |s 2024-06-03 |v 226000.00 |w 2024-02-28 |y BK | ||
| 952 | |0 0 |1 0 |2 ddc |4 0 |6 617_520000000000000_TH108 |7 0 |9 28590 |a 000001 |b 000001 |d 2024-02-28 |o 617.52 Th108 |p MD.22217 |r 2024-02-28 |v 226000.00 |w 2024-02-28 |y BK | ||
| 952 | |0 0 |1 0 |2 ddc |4 0 |6 617_520000000000000_TH108 |7 0 |9 28591 |a 000001 |b 000001 |d 2024-02-28 |o 617.52 Th108 |p MD.22218 |r 2024-02-28 |v 226000.00 |w 2024-02-28 |y BK | ||
| 952 | |0 0 |1 0 |2 ddc |4 0 |6 617_520000000000000_TH108 |7 0 |9 28592 |a 000001 |b 000001 |d 2024-02-28 |o 617.52 Th108 |p MD.22219 |r 2024-02-28 |v 226000.00 |w 2024-02-28 |y BK | ||
| 980 | |a Thư viện Trường Đại học Nam Cần Thơ | ||


